000 00575nam a2200181Ia 4500
008 151018s9999 xx 000 0 und d
082 _bRBASDV46304
_a891.434
100 _aनानी पालखीवाला
245 _aआज का भारत
250 _b1
260 _bराजपाल अंड सन्स
_c2008
300 _a207
600 _aनानी पालखीवाला
630 _aआज का भारत
700 _aनानी पालखीवाला
730 _aआज का भारत
942 _cBOOK
999 _c1045467
_d1045464